Die vorweggenommene Erbfolge
| 1. VerfasserIn: | |
|---|---|
| Medienart: | Elektronisch Buch |
| Sprache: | Deutsch |
| Verfügbarkeit prüfen: | HBZ Gateway |
| Fernleihe: | Fernleihe für die Fachinformationsdienste |
| Veröffentlicht: |
Paderborn München [u.a.]
Schöningh
1984
|
| In: |
Rechts- und staatswissenschaftliche Veröffentlichungen der Görres-Gesellschaft (N.F., 41)
Jahr: 1984 |
| Schriftenreihe/Zeitschrift: | Rechts- und staatswissenschaftliche Veröffentlichungen der Görres-Gesellschaft
N.F., 41 |
| normierte Schlagwort(-folgen): | B
Übergabevertrag
/ Erbrecht
B Übergabevertrag B Vorweggenommene Erbfolge B Erbfolge / Vorwegnahme |
| weitere Schlagwörter: | B
Vorweggenommene Erbfolge
B Hochschulschrift B Inheritance and succession ; Germany (West) B Vorwegnahme B Übergabevertrag B Erbrecht B Erbfolge |
| Online-Zugang: |
Volltext (kostenfrei) Volltext (kostenfrei) |
| Parallele Ausgabe: | Nicht-Elektronisch
|
MARC
| LEADER | 00000cam a2200000 c 4500 | ||
|---|---|---|---|
| 001 | 1652420169 | ||
| 003 | DE-627 | ||
| 005 | 20260226224347.0 | ||
| 007 | cr uuu---uuuuu | ||
| 008 | 130607s1984 xx |||||om 00| ||ger c | ||
| 020 | |a 3506733419 | ||
| 024 | 7 | |a urn:nbn:de:bvb:12-bsb00045312-1 |2 urn | |
| 035 | |a (DE-627)1652420169 | ||
| 035 | |a (DE-576)383323649 | ||
| 035 | |a (DE-599)BSZ383323649 | ||
| 035 | |a (DE-604)BDR-BV003598917-54119 | ||
| 035 | |a (DE-627-1)000063746 | ||
| 035 | |a (DE-604)BDR-BV003598917-54119 | ||
| 040 | |a DE-627 |b ger |c DE-627 |e rakwb | ||
| 041 | |a ger | ||
| 050 | 0 | |a KK1454 | |
| 082 | 0 | |a 346.43052 | |
| 082 | 0 | |a 346.4305/2 | |
| 084 | |a 1 |2 ssgn | ||
| 084 | |a PD 8280 |2 rvk |0 (DE-625)rvk/135409: | ||
| 084 | |a 86.23 |2 bkl | ||
| 100 | 1 | |0 (DE-588)108526623 |0 (DE-627)494357932 |0 (DE-576)162439164 |4 aut |a Olzen, Dirk |d 1949- | |
| 109 | |a Olzen, Dirk 1949- | ||
| 245 | 1 | 4 | |a Die vorweggenommene Erbfolge |c Dirk Olzen |
| 264 | 1 | |a Paderborn |a München [u.a.] |b Schöningh |c 1984 | |
| 300 | |a 327 S. | ||
| 336 | |a Text |b txt |2 rdacontent | ||
| 337 | |a Computermedien |b c |2 rdamedia | ||
| 338 | |a Online-Ressource |b cr |2 rdacarrier | ||
| 490 | 1 | |a Rechts- und staatswissenschaftliche Veröffentlichungen der Görres-Gesellschaft |v N.F., 41 | |
| 502 | |a Zugl.: Bochum, Univ., Habil.-Schr., 1982/83 | ||
| 530 | |a Volltext // 2010 digitalisiert von: Bayerische Staatsbibliothek, München. Exemplar der Bayerischen Staatsbibliothek mit der Signatur: Z 52.264-41 | ||
| 533 | |a Online-Ausg. |b München |c Bayerische Staatsbibliothek |d 2010 |e Online-Ressource |n Volltext // 2010 digitalisiert von: Bayerische Staatsbibliothek, München. Exemplar der Bayerischen Staatsbibliothek mit der Signatur: Z 52.264-41 |7 |2010|||||||||| | ||
| 583 | 1 | |a Archivierung/Langzeitarchivierung gewährleistet |f SSG |x XA-DE-BW |2 pdager |5 DE-21 | |
| 650 | 4 | |a Inheritance and succession ; Germany (West) | |
| 650 | 4 | |a Vorwegnahme | |
| 650 | 4 | |a Erbrecht | |
| 650 | 4 | |a Übergabevertrag | |
| 650 | 4 | |a Erbfolge | |
| 650 | 4 | |a Vorweggenommene Erbfolge | |
| 655 | 7 | |a Hochschulschrift |0 (DE-588)4113937-9 |0 (DE-627)105825778 |0 (DE-576)209480580 |2 gnd-content | |
| 689 | 0 | 0 | |d s |0 (DE-588)4186562-5 |0 (DE-627)105278564 |0 (DE-576)210039981 |2 gnd |a Übergabevertrag |
| 689 | 0 | 1 | |d s |0 (DE-588)4015110-4 |0 (DE-627)106337831 |0 (DE-576)208910476 |2 gnd |a Erbrecht |
| 689 | 0 | |5 (DE-627) | |
| 689 | 1 | 0 | |d s |0 (DE-588)4186562-5 |0 (DE-627)105278564 |0 (DE-576)210039981 |2 gnd |a Übergabevertrag |
| 689 | 1 | |5 (DE-627) | |
| 689 | 2 | 0 | |d s |0 (DE-588)4188746-3 |0 (DE-627)105262293 |0 (DE-576)210054972 |2 gnd |a Vorweggenommene Erbfolge |
| 689 | 2 | |5 (DE-627) | |
| 689 | 3 | 0 | |d s |0 (DE-588)4137632-8 |0 (DE-627)105648574 |0 (DE-576)20967928X |2 gnd |a Erbfolge |
| 689 | 3 | 1 | |d s |0 (DE-588)4673326-7 |0 (DE-627)34253775X |0 (DE-576)214906558 |2 gnd |a Vorwegnahme |
| 689 | 3 | |5 (DE-627) | |
| 751 | |a Bochum |0 (DE-588)4007328-2 |0 (DE-627)106374028 |0 (DE-576)208869697 |4 uvp | ||
| 776 | 1 | |z 3506733419 | |
| 776 | 0 | 8 | |i Erscheint auch als |n Druck-Ausgabe |a Olzen, Dirk, 1949 - |t Die vorweggenommene Erbfolge |d Paderborn : Schoeningh, 1984 |h 327 S. |w (DE-627)024996661 |w (DE-576)009370269 |z 3506733419 |k Non-Electronic |
| 810 | 2 | |a Görres-Gesellschaft zur Pflege der Wissenschaft |t Rechts- und staatswissenschaftliche Veröffentlichungen der Görres-Gesellschaft |v N.F., 41 |9 1041 |w (DE-627)785488197 |w (DE-576)406506450 |w (DE-600)2770013-6 |7 am | |
| 856 | 4 | 0 | |u http://mdz-nbn-resolving.de/urn:nbn:de:bvb:12-bsb00045312-1 |m X:DE-12 |x Resolving-System |z kostenfrei |7 0 |
| 856 | 4 | 0 | |u https://nbn-resolving.org/urn:nbn:de:bvb:12-bsb00045312-1 |m X:DE-12 |x Resolving-System |z kostenfrei |7 0 |
| 912 | |a ZDB-57-DFS | ||
| 936 | r | v | |a PD 8280 |b Sonstige Sorge für den Todesfall, Rechtsgeschäfte unter Lebenden auf den Todesfall, Übergabeverträge |k Rechtswissenschaft |k Bürgerliches Recht, Privatrecht allgemein |k Erbrecht |k Sonstige Sorge für den Todesfall, Rechtsgeschäfte unter Lebenden auf den Todesfall, Übergabeverträge |0 (DE-627)1271195224 |0 (DE-625)rvk/135409: |0 (DE-576)201195224 |
| 936 | r | u | |a BR 1871 |b Neue Folge |k Theologie und Religionswissenschaften |k Kirchenrecht |k Allgemeines |k Sammelwerke |k Schriftenreihen |k Neue Folge |0 (DE-627)1270753045 |0 (DE-576)200753045 |z Ungueltig |
| 936 | b | k | |a 86.23 |j Erbrecht |q SEPA |0 (DE-627)106413414 |
| 936 | s | n | |a b100 |2 mzub |
| 936 | s | n | |a p100 |2 mzub |
| 951 | |a BO | ||
| ELC | |a 1 | ||
| ITA | |a 1 |t 1 | ||
| LOK | |0 000 xxxxxcx a22 zn 4500 | ||
| LOK | |0 001 3360003306 | ||
| LOK | |0 003 DE-627 | ||
| LOK | |0 004 1652420169 | ||
| LOK | |0 005 20130607141251 | ||
| LOK | |0 008 130607||||||||||||||||ger||||||| | ||
| LOK | |0 040 |a DE-21 |c DE-627 |d DE-21 | ||
| LOK | |0 689 |a s |a eBook-Fink-Digi20 | ||
| LOK | |0 852 |a DE-21 | ||
| LOK | |0 852 1 |m n |9 00 | ||
| LOK | |0 935 |a fbok | ||
| LOK | |0 938 |k n | ||
| LOK | |0 939 |a 25-07-90 |b l01 | ||
| OAS | |a 1 | ||
| ORI | |a TA-MARC-ixtheoa001.raw | ||
| REL | |a 1 | ||
| STA | 0 | 0 | |a Anticipated succession,Anticipation,Deed of conveyance,Inheritance law,Law of inheritance,Succession |
| STB | 0 | 0 | |a Anticipation,Donation,Remise de son vivant,Remise de son vivant,Droit de la succession,Héritage anticipé,Succession anticipée,Succession anticipée,Succession |
| STC | 0 | 0 | |a Anticipación,Contracto de entrega,Derecho sucesorio,Línea de sucesión,Sucesión anticipada |
| STD | 0 | 0 | |a Anticipazione,Contratto di trasferimento beni <diritto successorio>,Donazione,Donazione,Diritto ereditario,Successione,Successione anticipata |
| STE | 0 | 0 | |a 继承法,继承权,继承顺序,继承权 |
| STF | 0 | 0 | |a 繼承法,繼承權,繼承順序,繼承權 |
| STG | 0 | 0 | |a Antecipação,Contrato de entrega,Direito das sucessões,Linha de sucessão,Sucessão antecipada |
| STH | 0 | 0 | |a Договор передачи,Порядок наследования,Право наследства,Предпологаемое наследование,Предупреждение,Предвосхищение |
| STI | 0 | 0 | |a Αναμενόμενη διαδοχή,Κληρονομική διαδοχή,Κληρονομικό δίκαιο,Πράξη μεταβίβασης,Προσδοκία |
| SUB | |a REL | ||
| SYE | 0 | 0 | |a Erbschaftsrecht , Übergabe , Erbfolgerecht , Antizipierte Erbfolge,Erbvorbezug,Erbvorempfang,Vorempfang |
| SYG | 0 | 0 | |a Übergabe , Erbschaftsrecht , Übergabe , Antizipierte Erbfolge,Erbvorbezug,Erbvorempfang,Vorempfang , Erbfolgerecht |



